Ph.D untuk Part-timers : (Record no. 203418)

MARC details
000 -LEADER
fixed length control field 01083nam a2200289 i 4500
005 - DATE AND TIME OF LATEST TRANSACTION
control field 20260317141734.0
008 - FIXED-LENGTH DATA ELEMENTS--GENERAL INFORMATION
fixed length control field 260311t20252025my gr o001 0bmay d
020 ## - INTERNATIONAL STANDARD BOOK NUMBER
International Standard Book Number 9786294901926
Terms of availability RM37.00
Qualifying information paperback
040 ## - CATALOGING SOURCE
Original cataloging agency PPAK
Language of cataloging eng
Transcribing agency PPAK
Description conventions rda
082 04 - DEWEY DECIMAL CLASSIFICATION NUMBER
Edition number 23
Classification number 378.2
090 00 - LOCALLY ASSIGNED LC-TYPE CALL NUMBER (OCLC); LOCAL CALL NUMBER (RLIN)
Classification number (OCLC) (R) ; Classification number, CALL (RLIN) (NR) 378.2
Feature heading MOH
Feature heading G
100 0# - MAIN ENTRY--PERSONAL NAME
Personal name Mohammad Ashraf Abdul Rahman,
Relator term author.
245 10 - TITLE STATEMENT
Title Ph.D untuk Part-timers :
Remainder of title Buat Separuh Masa, Bukan Buat Separuh Jalan, Buat Dengan Sepenuh Hati /
Statement of responsibility, etc. Mohammad Ashraf Abdul Rahman, Mariah Awang
264 #1 - PRODUCTION, PUBLICATION, DISTRIBUTION, MANUFACTURE, AND COPYRIGHT NOTICE
Place of production, publication, distribution, manufacture Batu Pahat, Johor :
Name of producer, publisher, distributor, manufacturer Penerbit UTHM, Universiti Tun Hussein Onn Malaysia,
Date of production, publication, distribution, manufacture, or copyright notice 2025
300 ## - PHYSICAL DESCRIPTION
Extent xi, 82 pages ;
Dimensions 23 cm
336 ## - CONTENT TYPE
Content type term text
Source rdacontent
337 ## - MEDIA TYPE
Media type term unmediated
Source rdamedia
338 ## - CARRIER TYPE
Carrier type term volume
Source rdacarrier
500 ## - GENERAL NOTE
General note Includes index.
General note Includes questions and answers.
650 10 - SUBJECT ADDED ENTRY--TOPICAL TERM
Topical term or geographic name entry element Doctor of philosophy degree
Topical term or geographic name entry element Doctoral students
Topical term or geographic name entry element Part-time students
Topical term or geographic name entry element Government publications
Geographic subdivision Malaysia
700 0# - ADDED ENTRY--PERSONAL NAME
Personal name Mariah Awang,
Dates associated with a name 1970-
Relator term author.
942 ## - ADDED ENTRY ELEMENTS (KOHA)
Source of classification or shelving scheme Dewey Decimal Classification
Koha item type Book
Holdings
Withdrawn Not for loan Current library Shelving location Date acquired Total Checkouts Full call number Barcode Date last seen Koha item type
    Perpustakaan Alor Setar Pinjaman Dewasa 18/03/2026   378.2 MOH A01904699 18/03/2026 Book
    Perpustakaan Awam Sungai Petani Pinjaman Dewasa 18/03/2026   378.2 MOH A01904700 18/03/2026 Book
    Perpustakaan Baling Pinjaman Dewasa 18/03/2026   378.2 MOH A01904704 18/03/2026 Book
    Perpustakaan Bandar Baharu Pinjaman Dewasa 18/03/2026   378.2 MOH A01904705 18/03/2026 Book
    Perpustakaan Jitra Pinjaman Dewasa 18/03/2026   378.2 MOH A01904701 18/03/2026 Book
    Perpustakaan Kuala Nerang Pinjaman Dewasa 18/03/2026   378.2 MOH A01904709 18/03/2026 Book
    Perpustakaan Kulim Pinjaman Dewasa 18/03/2026   378.2 MOH A01904703 18/03/2026 Book
    Perpustakaan Langkawi Pinjaman Dewasa 18/03/2026   378.2 MOH A01904702 18/03/2026 Book
    Perpustakaan Merbok Pinjaman Dewasa 18/03/2026   378.2 MOH A01904706 18/03/2026 Book
    Perpustakaan Pendang Pinjaman Dewasa 18/03/2026   378.2 MOH A01904710 18/03/2026 Book
    Perpustakaan Sik Pinjaman Dewasa 18/03/2026   378.2 MOH A01904708 18/03/2026 Book
    Perpustakaan Yan Pinjaman Dewasa 18/03/2026   378.2 MOH A01904707 18/03/2026 Book